[Event "Ulaanbaatar Mica op 2nd"]
[Site "Ulaanbaatar"]
[Date "2022.03.27"]
[Round "8"]
[White "Enkhuyanga, Gantsolmon"]
[Black "Lkhagvasuren, Tsedendemberel"]
[Result "0-1"]
[WhiteElo "1189"]
[BlackElo "2160"]
[PlyCount "90"]
[EventDate "2022.03.23"]
[EventType "swiss"]
[EventRounds "9"]
[EventCountry "MGL"]
[SourceTitle "CBM 207 Extra"]
[Source "ChessBase"]
[SourceDate "2022.05.31"]
[SourceVersion "1"]
[SourceVersionDate "2022.05.31"]
[SourceQuality "1"]

1. Nf3 Nf6 2. c4 e6 3. d4 d5 4. e3 c5 5. Nc3 cxd4 6. Nxd4 a6 7. Bd2 Nc6 8. Nxc6 bxc6 9. Be2 Bd6 10. 0-0 0-0 11. Qc2 Qc7 12. h3 e5 13. cxd5 cxd5 14. Rac1 Qe7 15. Na4 Bb7 16. Nb6 Rab8 17. Qa4 Ne4 18. Ba5 Nc5 19. Qd1 Qe6 20. b4 Ne4 21. b5 axb5 22. Bxb5 Nf6 23. a4 Be7 24. Rb1 Bd8 25. Be2 Ba8 26. Bb4 Rxb6 27. Bxf8 Kxf8 28. Rxb6 Qxb6 29. Qc2 d4 30. Rb1 Qc6 31. Qxc6 Bxc6 32. Rb4 dxe3 33. fxe3 Ke7 34. Bb5 Ba8 35. Bc4 Bc6 36. Bb5 Ba8 37. Ba6 Nd5 38. Rb8 Bc6 39. Bb5 Bxb5 40. Rxb5 Kd6 41. Kf2 Bb6 42. Kf3 f5 43. g4 e4+ 44. Kg3 g6 45. h4 Bxe3 0-1

[Event "Ulan-Ude Bajkal op 10th"]
[Site "Ulan-Ude"]
[Date "2014.08.09"]
[Round "2"]
[White "Lkhagvasuren, Tsedendemberel"]
[Black "Baldarov, Aur"]
[Result "1/2-1/2"]
[WhiteElo "2193"]
[BlackElo "1888"]
[PlyCount "70"]
[EventDate "2014.07.07"]
[EventType "swiss"]
[EventRounds "9"]
[EventCountry "RUS"]
[SourceTitle "CBM 161 Extra"]
[Source "ChessBase"]
[SourceDate "2014.08.29"]
[SourceVersion "1"]
[SourceVersionDate "2014.08.29"]
[SourceQuality "1"]

1. e4 c5 2. Nf3 d6 3. c3 Bg4 4. h3 Bh5 5. d3 Nf6 6. g4 Bg6 7. Nh4 Nc6 8. f4 h6 9. Nxg6 fxg6 10. Be3 e5 11. Nd2 exf4 12. Bxf4 Nh5 13. Be3 Ng3 14. Rh2 Nxf1 15. Nxf1 Be7 16. Qb3 Qd7 17. 0-0-0 0-0-0 18. d4 cxd4 19. cxd4 Kb8 20. Kb1 Rhf8 21. Nd2 Rc8 22. a3 Bf6 23. Qd3 Qc7 24. Rhh1 Qd7 25. Rc1 Rf7 26. Rc2 Qd8 27. Rhc1 Rfc7 28. Nc4 Qe7 29. Bf4 Rd8 30. d5 Ne5 31. Nxe5 Rxc2 32. Nc6+ Rxc6 33. dxc6 bxc6 34. Rxc6 Qb7 35. Rc2 Qb6 1/2-1/2

[Event "Ulan-Ude Bajkal op 11th"]
[Site "Ulan-Ude"]
[Date "2014.07.29"]
[Round "7"]
[White "Baldarov, Aur"]
[Black "Lkhagvasuren, Tsedendemberel"]
[Result "1/2-1/2"]
[WhiteElo "1856"]
[BlackElo "2228"]
[PlyCount "49"]
[EventDate "2014.07.20"]
[EventType "swiss"]
[EventRounds "9"]
[EventCountry "RUS"]
[SourceTitle "EXT 2015"]
[Source "ChessBase"]
[SourceDate "2014.11.20"]
[SourceVersion "1"]
[SourceVersionDate "2014.11.20"]
[SourceQuality "1"]

1. c4 e6 2. Nf3 d5 3. d4 Be7 4. g3 Nf6 5. Bg2 0-0 6. Nbd2 c5 7. 0-0 cxd4 8. cxd5 Nxd5 9. Nxd4 Bd7 10. N2f3 Nc6 11. a3 Bf6 12. e4 Nde7 13. Be3 Nxd4 14. Bxd4 Bxd4 15. Qxd4 Nc6 16. Qd6 Qb6 17. b4 Rfd8 18. Rfd1 Be8 19. Qc5 Qxc5 20. bxc5 Rxd1+ 21. Rxd1 b6 22. Bf1 bxc5 23. Rc1 Nd4 24. Kg2 Nxf3 25. Kxf3 1/2-1/2

[Event "Ulan-Ude Bajkal op 11th"]
[Site "Ulan-Ude"]
[Date "2014.07.27"]
[Round "5"]
[White "Shelk, Alexander"]
[Black "Lkhagvasuren, Tsedendemberel"]
[Result "1-0"]
[WhiteElo "2348"]
[BlackElo "2228"]
[PlyCount "55"]
[EventDate "2014.07.20"]
[EventType "swiss"]
[EventRounds "9"]
[EventCountry "RUS"]
[SourceTitle "EXT 2015"]
[Source "ChessBase"]
[SourceDate "2014.11.20"]
[SourceVersion "1"]
[SourceVersionDate "2014.11.20"]
[SourceQuality "1"]

1. d4 Nf6 2. c4 c5 3. d5 b5 4. cxb5 a6 5. b6 d6 6. Nc3 Nbd7 7. Nf3 g6 8. e4 Bg7 9. a4 Nxb6 10. a5 Nbd7 11. h3 0-0 12. Bc4 Ne8 13. 0-0 Nc7 14. Qe2 Nb5 15. Bd2 Nd4 16. Nxd4 cxd4 17. Na4 Ne5 18. Nb6 Ra7 19. Bd3 Nxd3 20. Qxd3 Bd7 21. Nxd7 Qxd7 22. Rac1 f5 23. f3 fxe4 24. fxe4 Rxf1+ 25. Kxf1 Ra8 26. Ke2 h5 27. Rc6 e6 28. Qc4 1-0

[Event "Ulan-Ude Bajkal op 11th"]
[Site "Ulan-Ude"]
[Date "2014.07.26"]
[Round "4"]
[White "Lkhagvasuren, Tsedendemberel"]
[Black "Bidagaev, Bulat"]
[Result "1-0"]
[WhiteElo "2228"]
[BlackElo "1693"]
[PlyCount "49"]
[EventDate "2014.07.20"]
[EventType "swiss"]
[EventRounds "9"]
[EventCountry "RUS"]
[SourceTitle "EXT 2015"]
[Source "ChessBase"]
[SourceDate "2014.11.20"]
[SourceVersion "1"]
[SourceVersionDate "2014.11.20"]
[SourceQuality "1"]

1. e4 c5 2. Nf3 d6 3. d4 cxd4 4. Nxd4 Nf6 5. Nc3 a6 6. Be2 e5 7. Nb3 Be7 8. Be3 b5 9. a4 b4 10. Nd5 Nbd7 11. Nxb4 Bb7 12. f3 a5 13. Nd5 Nxd5 14. exd5 f5 15. 0-0 0-0 16. c4 Rc8 17. Qd2 Ra8 18. f4 Bf6 19. fxe5 Bxe5 20. Nd4 Nc5 21. Ra3 Qh4 22. Nf3 Qe7 23. Bxc5 dxc5 24. Re3 Bxh2+ 25. Kxh2 1-0

[Event "Olympiad-33"]
[Site "Elista"]
[Date "1998.10.12"]
[Round "13.3"]
[White "Hossain, Enamul"]
[Black "Lkhagvasuren, Tsedendemberel"]
[Result "1/2-1/2"]
[WhiteElo "2335"]
[BlackElo "2355"]
[PlyCount "89"]
[EventDate "1998.09.29"]
[EventType "team-swiss"]
[EventRounds "13"]
[EventCountry "RUS"]
[SourceTitle "CBM 068"]
[Source "ChessBase"]
[SourceDate "1999.02.01"]
[SourceVersion "1"]
[SourceVersionDate "1999.02.01"]
[SourceQuality "1"]
[WhiteTeam "Bangladesh"]
[BlackTeam "Mongolia"]
[WhiteTeamCountry "BAN"]
[BlackTeamCountry "MGL"]

1. e4 c5 2. Nf3 d6 3. d4 cxd4 4. Nxd4 Nf6 5. Nc3 a6 6. Be3 e6 7. g4 h6 8. h3 b5 9. Bg2 Bb7 10. a3 Nbd7 11. Nde2 Rc8 12. f4 Nb6 13. Qd3 Nc4 14. Bc1 d5 15. e5 Nd7 16. b3 Ncb6 17. 0-0 Qc7 18. Bb2 h5 19. g5 g6 20. Nd4 b4 21. axb4 Bxb4 22. Nce2 Nc5 23. Qe3 Ne4 24. Ng3 Nxg3 25. Qxg3 Nd7 26. Qd3 Nb8 27. Ba3 Bxa3 28. Rxa3 Nc6 29. Nxc6 Qxc6 30. Rf2 Qb6 31. Ra4 Ke7 32. Bf1 Rc6 33. Qd4 Qxd4 34. Rxd4 Rc3 35. Bd3 Bc6 36. Bxa6 Rxh3 37. Bd3 Rg3+ 38. Kh2 Re3 39. Rf1 Ra8 40. Kg2 Ra2 41. Rc1 Kd8 42. Kf2 Rh3 43. Kg2 Re3 44. Kf2 Rh3 45. Kg2 1/2-1/2

[Event "Olympiad-33"]
[Site "Elista"]
[Date "1998.10.11"]
[Round "12.3"]
[White "Lkhagvasuren, Tsedendemberel"]
[Black "O'Connell, Gerard"]
[Result "1/2-1/2"]
[WhiteElo "2355"]
[BlackElo "2180"]
[PlyCount "21"]
[EventDate "1998.09.29"]
[EventType "team-swiss"]
[EventRounds "13"]
[EventCountry "RUS"]
[SourceTitle "CBM 068"]
[Source "ChessBase"]
[SourceDate "1999.02.01"]
[SourceVersion "1"]
[SourceVersionDate "1999.02.01"]
[SourceQuality "1"]
[WhiteTeam "Mongolia"]
[BlackTeam "Ireland"]
[WhiteTeamCountry "MGL"]
[BlackTeamCountry "IRL"]

1. e4 c5 2. Nf3 d6 3. d4 cxd4 4. Nxd4 Nf6 5. Nc3 g6 6. Be2 Bg7 7. 0-0 Nc6 8. Nb3 0-0 9. Bg5 Be6 10. Kh1 Qe8 11. f4 1/2-1/2

[Event "Olympiad-33"]
[Site "Elista"]
[Date "1998.10.09"]
[Round "10.3"]
[White "Lkhagvasuren, Tsedendemberel"]
[Black "Soylu, Suat"]
[Result "1-0"]
[WhiteElo "2355"]
[BlackElo "2275"]
[PlyCount "97"]
[EventDate "1998.09.29"]
[EventType "team-swiss"]
[EventRounds "13"]
[EventCountry "RUS"]
[SourceTitle "CBM 068"]
[Source "ChessBase"]
[SourceDate "1999.02.01"]
[SourceVersion "1"]
[SourceVersionDate "1999.02.01"]
[SourceQuality "1"]
[WhiteTeam "Mongolia"]
[BlackTeam "Turkey"]
[WhiteTeamCountry "MGL"]
[BlackTeamCountry "TUR"]

1. e4 c5 2. Nf3 d6 3. d4 cxd4 4. Nxd4 Nf6 5. Nc3 a6 6. Be2 e5 7. Nb3 Be7 8. 0-0 0-0 9. Be3 Be6 10. a4 Nbd7 11. Qd2 Rc8 12. a5 Qc7 13. Rfd1 h6 14. f3 Rfd8 15. Nc1 Bf8 16. Qe1 Qc6 17. Qd2 Nb8 18. Bb6 Re8 19. Nd3 Bc4 20. Nb4 Qd7 21. Bxc4 Rxc4 22. Nbd5 Nxd5 23. Nxd5 Rec8 24. c3 Re8 25. b3 Rcc8 26. c4 Re6 27. Kh1 Be7 28. Ba7 Bd8 29. Bxb8 Rxb8 30. b4 h5 31. Qe2 h4 32. h3 Rg6 33. Rac1 Qe8 34. Rc2 b6 35. axb6 Bxb6 36. Ra1 Bd4 37. Rxa6 Qd7 38. Rc1 Rg3 39. Qf1 Rf8 40. c5 dxc5 41. bxc5 Rg6 42. Rxg6 fxg6 43. c6 Qe6 44. c7 Kh7 45. Qc4 Rc8 46. Qc6 Qf7 47. Qd6 Bb2 48. Rc2 Bd4 49. Qe7 1-0

[Event "Olympiad-33"]
[Site "Elista"]
[Date "1998.09.29"]
[Round "1.3"]
[White "Lkhagvasuren, Tsedendemberel"]
[Black "Chatalbashev, Boris"]
[Result "0-1"]
[WhiteElo "2355"]
[BlackElo "2535"]
[PlyCount "80"]
[EventDate "1998.09.29"]
[EventType "team-swiss"]
[EventRounds "13"]
[EventCountry "RUS"]
[SourceTitle "CBM 068"]
[Source "ChessBase"]
[SourceDate "1999.02.01"]
[SourceVersion "1"]
[SourceVersionDate "1999.02.01"]
[SourceQuality "1"]
[WhiteTeam "Mongolia"]
[BlackTeam "Bulgaria"]
[WhiteTeamCountry "MGL"]
[BlackTeamCountry "BUL"]

1. e4 c5 2. Nf3 Nc6 3. d4 cxd4 4. Nxd4 g6 5. Nc3 Bg7 6. Be3 Nf6 7. Be2 0-0 8. 0-0 d5 9. exd5 Nb4 10. Qd2 Nbxd5 11. Nxd5 Nxd5 12. Bh6 e5 13. Bxg7 Kxg7 14. Nf3 Nf4 15. Rfe1 Qxd2 16. Nxd2 Rd8 17. Nc4 Nxe2+ 18. Rxe2 f6 19. Rd2 Rxd2 20. Nxd2 Bf5 21. c3 Rd8 22. Nf1 Be6 23. f3 f5 24. Kf2 Kf6 25. b3 a5 26. Ke3 g5 27. Nd2 h5 28. g3 g4 29. Ke2 Bd5 30. Rf1 gxf3+ 31. Nxf3 Be4 32. Rf2 b5 33. Nd2 Bc2 34. c4 b4 35. Rg2 h4 36. Rg1 hxg3 37. hxg3 Rd3 38. Rc1 Rc3 39. Rg1 e4 40. Rg2 Rd3 0-1

[Event "Asia-chT fin 11th"]
[Site "Singapore"]
[Date "1995.12.17"]
[Round "4"]
[White "Lkhagvasuren, Tsedendemberel"]
[Black "Temirbayev, Serikbay"]
[Result "1/2-1/2"]
[WhiteElo "2310"]
[BlackElo "2461"]
[PlyCount "118"]
[EventDate "1995.12.14"]
[EventType "team"]
[EventRounds "9"]
[EventCountry "SIN"]
[SourceTitle "CBM 050 Extra"]
[Source "ChessBase"]
[SourceDate "1996.03.01"]
[SourceVersion "1"]
[SourceVersionDate "1996.03.01"]
[SourceQuality "1"]
[WhiteTeam "Mongolia"]
[BlackTeam "Kazakhstan"]
[WhiteTeamCountry "MGL"]
[BlackTeamCountry "KAZ"]

1. e4 e6 2. d4 d5 3. Nd2 Nf6 4. e5 Nfd7 5. Bd3 c5 6. c3 Nc6 7. Ne2 cxd4 8. cxd4 Nb6 9. 0-0 Bd7 10. Nf3 Be7 11. Nf4 a5 12. a4 Nb4 13. Bb1 Nc8 14. Nd3 Nxd3 15. Bxd3 Na7 16. Be3 Nc6 17. Bb5 Nb4 18. Bxd7+ Qxd7 19. Qe2 0-0 20. Rfc1 Rfc8 21. b3 h6 22. h3 Bf8 23. Ne1 Rxc1 24. Rxc1 Rc8 25. Rxc8 Qxc8 26. Qd2 Qc6 27. Nd3 Nc2 28. Ne1 Nxe3 29. Qxe3 Bb4 30. Nf3 Qc2 31. g4 Ba3 32. Kf1 Bb2 33. Kg2 b6 34. Ne1 Qb1 35. Nf3 Qd1 36. h4 Qb1 37. g5 h5 38. Qd2 Ba1 39. Qe3 Qe4 40. Kf1 Bb2 41. Qe2 Ba1 42. Qe3 g6 43. Kg2 Bb2 44. Kf1 Qc2 45. Ne1 Qd1 46. Qd3 Qxd3+ 47. Nxd3 Bxd4 48. Ke2 Kf8 49. Kf3 Ke7 50. Kf4 Kd7 51. Kf3 Kc6 52. Ke2 b5 53. Kf3 Bb6 54. Kf4 Bd4 55. Kf3 Bc3 56. Ke3 Bb4 57. Nxb4+ axb4 58. axb5+ Kxb5 59. f4 Kc5 1/2-1/2

[Event "Asia-chT fin 11th"]
[Site "Singapore"]
[Date "1995.12.16"]
[Round "3"]
[White "Lkhagvasuren, Tsedendemberel"]
[Black "Saltaev, Mihail"]
[Result "1/2-1/2"]
[WhiteElo "2310"]
[BlackElo "2520"]
[PlyCount "89"]
[EventDate "1995.12.14"]
[EventType "team"]
[EventRounds "9"]
[EventCountry "SIN"]
[SourceTitle "CBM 050 Extra"]
[Source "ChessBase"]
[SourceDate "1996.03.01"]
[SourceVersion "1"]
[SourceVersionDate "1996.03.01"]
[SourceQuality "1"]
[WhiteTeam "Mongolia"]
[BlackTeam "Uzbekistan"]
[WhiteTeamCountry "MGL"]
[BlackTeamCountry "UZB"]

1. e4 c5 2. Nf3 e6 3. d4 cxd4 4. Nxd4 Nc6 5. Nc3 d6 6. Be3 Nf6 7. Be2 a6 8. 0-0 Be7 9. f4 Bd7 10. a4 Nxd4 11. Bxd4 Bc6 12. Qd3 0-0 13. Qg3 g6 14. Bf3 b5 15. axb5 axb5 16. Rxa8 Qxa8 17. e5 dxe5 18. fxe5 Ne4 19. Nxe4 Bxe4 20. c3 Bd5 21. Bxd5 Qxd5 22. Qf3 Qc4 23. Qf2 b4 24. cxb4 Bxb4 25. h3 Qd5 26. Kh1 Qb7 27. Be3 Rd8 28. Bg5 Rd3 29. Kh2 Rd5 30. Qf3 Bf8 31. Rd1 Bg7 32. Rxd5 Qxd5 33. Qxd5 exd5 34. Bf6 Bf8 35. Kg3 Bc5 36. Kf3 Kf8 37. b3 Ke8 38. Ke2 Kd7 39. Kd3 Ke6 40. g4 h5 41. Bg7 Bf2 42. Bf6 hxg4 43. hxg4 Bg3 44. Kd4 Bf2+ 45. Kd3 1/2-1/2

[Event "Olympiad-31"]
[Site "Moscow"]
[Date "1994.12.16"]
[Round "14.2"]
[White "Lkhagvasuren, Tsedendemberel"]
[Black "Berend, Fred"]
[Result "0-1"]
[WhiteElo "2300"]
[BlackElo "2400"]
[PlyCount "69"]
[EventDate "1994.12.01"]
[EventType "team-swiss"]
[EventRounds "14"]
[EventCountry "RUS"]
[SourceTitle "CBM 045"]
[Source "ChessBase"]
[SourceDate "1995.04.01"]
[SourceVersion "1"]
[SourceVersionDate "1995.04.01"]
[SourceQuality "1"]
[WhiteTeam "Mongolia"]
[BlackTeam "Luxembourg"]
[WhiteTeamCountry "MGL"]
[BlackTeamCountry "LUX"]

1. e4 d5 2. exd5 Nf6 3. c4 e6 4. dxe6 Bxe6 5. d4 Bb4+ 6. Bd2 Qe7 7. Be2 Ne4 8. Bxb4 Qxb4+ 9. Nd2 Bxc4 10. Bxc4 Nxd2 11. Qxd2 Qxc4 12. Ne2 Nc6 13. 0-0 0-0-0 14. b3 Qd5 15. Rfd1 Rhe8 16. Rac1 Qe4 17. Kf1 Qh4 18. h3 Rd5 19. Rc5 Red8 20. Rxd5 Rxd5 21. Qe3 Qd8 22. Qf4 Qd7 23. Rc1 Kb8 24. Rd1 a6 25. Kg1 h5 26. Qe3 g6 27. Qf4 Kc8 28. Qe3 Kb8 29. Qf4 Nd8 30. Qf6 Ne6 31. b4 Ka7 32. a3 Rf5 33. Qh4 Qa4 34. Rd3 Qc2 35. Re3 0-1

[Event "Olympiad-31"]
[Site "Moscow"]
[Date "1994.12.11"]
[Round "10.1"]
[White "Brestian, Egon"]
[Black "Lkhagvasuren, Tsedendemberel"]
[Result "1-0"]
[WhiteElo "2445"]
[BlackElo "2300"]
[PlyCount "87"]
[EventDate "1994.12.01"]
[EventType "team-swiss"]
[EventRounds "14"]
[EventCountry "RUS"]
[SourceTitle "CBM 045"]
[Source "ChessBase"]
[SourceDate "1995.04.01"]
[SourceVersion "1"]
[SourceVersionDate "1995.04.01"]
[SourceQuality "1"]
[WhiteTeam "Austria"]
[BlackTeam "Mongolia"]
[WhiteTeamCountry "AUT"]
[BlackTeamCountry "MGL"]

1. c4 Nf6 2. Nf3 g6 3. g3 c6 4. Bg2 Bg7 5. 0-0 0-0 6. d4 d5 7. Na3 Bf5 8. Bf4 Qb6 9. Qc1 c5 10. dxc5 Qxc5 11. Be3 Qb4 12. Nd4 Rc8 13. Nxf5 gxf5 14. Bd4 dxc4 15. Bc3 Qb6 16. Qf4 Nbd7 17. Nxc4 Qc7 18. Ne5 e6 19. Nxd7 Nxd7 20. Bxg7 Kxg7 21. Qg5+ Kf8 22. e4 fxe4 23. Bxe4 h6 24. Qxh6+ Ke7 25. Bg2 Nf6 26. Qd2 Qb6 27. Rac1 Rd8 28. Qc3 Rac8 29. Qxc8 Rxc8 30. Rxc8 Qxb2 31. Rc7+ Kf8 32. Rxb7 Qxa2 33. Rfb1 a5 34. R7b2 Qa3 35. h3 a4 36. Bc6 Qc5 37. Bxa4 Ne4 38. Kg2 Ng5 39. Bd1 Ne4 40. Bf3 Nc3 41. Rc1 Qd4 42. Rbc2 Ne4 43. Bxe4 Qxe4+ 44. Kg1 1-0

[Event "Olympiad-31"]
[Site "Moscow"]
[Date "1994.12.08"]
[Round "7.2"]
[White "Lkhagvasuren, Tsedendemberel"]
[Black "Kotsur, Pavel"]
[Result "1/2-1/2"]
[WhiteElo "2300"]
[BlackElo "2490"]
[PlyCount "107"]
[EventDate "1994.12.01"]
[EventType "team-swiss"]
[EventRounds "14"]
[EventCountry "RUS"]
[SourceTitle "CBM 045"]
[Source "ChessBase"]
[SourceDate "1995.04.01"]
[SourceVersion "1"]
[SourceVersionDate "1995.04.01"]
[SourceQuality "1"]
[WhiteTeam "Mongolia"]
[BlackTeam "Kazakhstan"]
[WhiteTeamCountry "MGL"]
[BlackTeamCountry "KAZ"]

1. e4 c5 2. Nf3 d6 3. d4 Nf6 4. Nc3 cxd4 5. Nxd4 a6 6. Be2 e5 7. Nb3 Be7 8. 0-0 0-0 9. Be3 Be6 10. a4 Nbd7 11. Qd2 Rc8 12. a5 Re8 13. Rfd1 h6 14. Nc1 Qc7 15. Nd3 Nc5 16. Nxc5 dxc5 17. Qe1 c4 18. Bb6 Qc6 19. Bf3 Bb4 20. Qe3 Nd7 21. Nd5 Bxd5 22. exd5 Qg6 23. Qe4 f5 24. Qh4 Qd6 25. c3 Nxb6 26. cxb4 Nd7 27. Rac1 e4 28. Bh5 Red8 29. Rxc4 Ne5 30. Rxc8 Rxc8 31. Qg3 Rc4 32. h3 Rxb4 33. Qa3 b6 34. axb6 Rxb6 35. Qxd6 Rxd6 36. Be2 Kf8 37. b3 Ke7 38. Bc4 Rb6 39. Ra1 Rb4 40. Rxa6 Nxc4 41. bxc4 Rxc4 42. Kh2 Rd4 43. Rg6 Kf7 44. Rd6 h5 45. h4 e3 46. fxe3 Rxh4+ 47. Kg3 Ra4 48. Re6 g5 49. Re5 h4+ 50. Kh2 Kg6 51. Re6+ Kh5 52. Re5 Ra3 53. Rxf5 Rxe3 54. Rf3 1/2-1/2

[Event "Olympiad-30"]
[Site "Manila"]
[Date "1992.06.12"]
[Round "5.3"]
[White "Lkhagvasuren, Tsedendemberel"]
[Black "Silva Lillo, Sebastian"]
[Result "1/2-1/2"]
[WhiteElo "2335"]
[BlackElo "2355"]
[PlyCount "78"]
[EventDate "1992.06.08"]
[EventType "team-swiss"]
[EventRounds "14"]
[EventCountry "PHI"]
[SourceTitle "TD"]
[Source "ChessBase"]
[SourceDate "1994.03.01"]
[SourceVersion "1"]
[SourceVersionDate "1994.03.01"]
[SourceQuality "1"]
[WhiteTeam "Mongolia"]
[BlackTeam "Chile"]
[WhiteTeamCountry "MGL"]
[BlackTeamCountry "CHI"]

1. e4 c5 2. Nf3 Nc6 3. d4 cxd4 4. Nxd4 g6 5. c4 Bg7 6. Be3 Nf6 7. Nc3 0-0 8. Be2 d6 9. 0-0 Bd7 10. Qd2 Nxd4 11. Bxd4 Bc6 12. f3 a5 13. b3 Nd7 14. Bxg7 Kxg7 15. Kh1 Qb6 16. Rab1 Nc5 17. Rfd1 Rfd8 18. a3 e5 19. b4 axb4 20. axb4 Ne6 21. b5 Be8 22. Nd5 Qf2 23. Rb2 Ra4 24. Bf1 Qxd2 25. Rbxd2 Nd4 26. Nc3 Rb4 27. Ne2 Rxc4 28. Nxd4 Rxd4 29. Rxd4 exd4 30. Rxd4 Kf8 31. Kg1 Ke7 32. Ra4 Kd7 33. Kf2 Kc7 34. Ke3 Bd7 35. Be2 Kb8 36. Rd4 Be6 37. Rd2 Kc7 38. Rc2+ Kb6 39. Rd2 Kc7 1/2-1/2

[Event "Belgorod-A"]
[Site "Belgorod"]
[Date "1991.??.??"]
[Round "?"]
[White "Lkhagvasuren, Tsedendemberel"]
[Black "Kiselev, Sergey"]
[Result "0-1"]
[WhiteElo "2350"]
[BlackElo "2475"]
[PlyCount "100"]
[EventDate "1991.??.??"]
[EventType "tourn"]
[EventRounds "11"]
[EventCountry "URS"]
[EventCategory "9"]
[SourceTitle "CBM 023 Extra"]
[Source "ChessBase"]
[SourceDate "1991.09.01"]
[SourceVersion "1"]
[SourceVersionDate "1991.09.01"]
[SourceQuality "1"]

1. e4 c5 2. Nf3 Nc6 3. d4 cxd4 4. Nxd4 Nf6 5. Nc3 d6 6. Be2 e5 7. Nb3 Be7 8. 0-0 0-0 9. f4 a5 10. a4 Nb4 11. Kh1 Be6 12. f5 Bd7 13. Be3 Bc6 14. Bf3 d5 15. exd5 Nbxd5 16. Nxd5 Bxd5 17. Bg5 e4 18. Be2 Rc8 19. Nd4 h6 20. Be3 Bd6 21. b3 b6 22. c4 Bb7 23. Qe1 Qe7 24. Rd1 Rfd8 25. Qf2 Rd7 26. Nb5 Bc5 27. Rxd7 Nxd7 28. Rd1 Rd8 29. Nc3 Bxe3 30. Qxe3 Nc5 31. Nd5 Bxd5 32. cxd5 Qe5 33. Bc4 Qxf5 34. d6 Qe5 35. Qd2 Kf8 36. Qf2 Rd7 37. h3 g6 38. Rd5 Qa1+ 39. Kh2 Kg7 40. Bb5 Rd8 41. d7 Qf6 42. Qg3 h5 43. Qc7 h4 44. Kg1 e3 45. Qe5 Qxe5 46. Rxe5 Nxd7 47. Rxe3 Nc5 48. Bc4 f5 49. Re7+ Kf6 50. Rc7 Ke5 0-1